| 000 | 00356nam a2200109Ia 4500 | ||
|---|---|---|---|
| 008 | 230907s9999||||xx |||||||||||||| ||und|| | ||
| 082 |
_a621.3 _bIEC |
||
| 100 |
_aIEC Standards _9117978 |
||
| 245 | 0 | _aIEC 60060-1 ED. 2.0 B:1989: HIGH-VOLTAGE TEST TECHNIQUES. PART 1: GENERAL DEFINITIONS AND TEST REQUIREMENTS | |
| 260 |
_bIEC _c2019-09-13 |
||
| 942 |
_2ddc _cEB |
||
| 999 |
_c599823 _d599823 |
||